000 00725nam a2200181 4500
001 4686
005 20181127173930.0
090 0 0 _aBCom BIM-304
245 0 0 _aRoyal Thimphu College e-business strategy for educational institution :
_be-learning system for RTC /
_cStudent Work.
_h
260 0 0 _a[Thimphu] :
_b[Royal Thimphu College],
_c2014.
300 _a22 leaves.
_b
_c
_e
500 _aStudent research project for Bcom: e-commerce(2014): G T Bakyaraj, lecturer.
500 0 0 _aSpiral-bound xerographic copy.
650 _aEducation, Higher --Bhutan.
_v
_x
_y
_z
_2
650 _aInternational trade --Computer network resources.
_v
_x
_y
_z
_2
650 0 0 _aCorporations, Bhutan.
_x
650 0 0 _aInformation technology --Management..
_x
999 _c3891
_d3891